| 000 | 00801nam a2200217Ia 4500 | ||
|---|---|---|---|
| 999 |
_c5283 _d5283 |
||
| 003 | OSt | ||
| 005 | 20200515170304.0 | ||
| 008 | 191128s1954 ck fr o001 0 spa d | ||
| 040 |
_aCO-JMCR _cCO-JMCR |
||
| 041 | 0 | _aspa | |
| 082 | 0 | 4 |
_a328.379861 / _bC718d _223 |
| 110 | 1 |
_aColombia. _bMinisterio de Gobierno _94420 |
|
| 245 | 1 | 0 |
_aDecretos extraordinarios y decretos reglamentarios de leyes : _bexpedidos por el Gobierno Nacional del 1 de julio al 31 de diciembre de 1953 / _cMinisterio de Gobierno |
| 260 |
_aBogotá : _bMinisterio de Gobierno, _c1954 |
||
| 300 |
_a582 páginas ; _c21 cm. |
||
| 500 | _aIncluye índice cronólogico. | ||
| 650 | 1 | 4 |
_aDecretos _zColombia _94421 |
| 650 | 1 | 4 |
_aLegislación _zColombia _94422 |
| 650 | 1 | 4 |
_aLegislación por decretos _zColombia _94423 |
| 942 |
_2ddc _cBK |
||